00000000nam##2200000za#4500
0019.525935
003CaOODSP
00520210305160103
007ta
008150406|1995||||xxc|||||     f|0| 0 fre|d
040 |aCaOODSP|bfre
041 |aeng
041 |afre
043 |an-cn---
0861 |aXB351-94/1
1101 |aCanada. |bParlement. |bChambre des communes.
24510|aLoi sur les additifs à base de manganèse : |b(Loi régissant le commerce interprovincial et l'importation à des fins commerciales de certaines substances à base de manganèse.) / |c(Le ministre de l'Environnement.)
260 |bChambre des communes |cPremière lecture, le 19 mai 1995.
300 |a9, 2p.
4901 |aProjets de loi de la Chambre des communes|vC-94
546 |aBilingue
590 |a95-21|b1995-05-26
791 |tManganese-based Fuel Additives Act : |eeng|w(CaOODSP)9.525934
830#0|aProjets de loi de la Chambre des communes ;|vC-94|w(CaOODSP)9.509695